ஸங்கீத பால பாடம் : (Record no. 46091)

MARC details
000 -LEADER
fixed length control field 01096nam a22002417a 4500
003 - CONTROL NUMBER IDENTIFIER
control field CUTN
005 - DATE AND TIME OF LATEST TRANSACTION
control field 20251028123024.0
008 - FIXED-LENGTH DATA ELEMENTS--GENERAL INFORMATION
fixed length control field 251028b |||||||| |||| 00| 0 eng d
020 ## - INTERNATIONAL STANDARD BOOK NUMBER
International Standard Book Number 9788179502952
041 ## - LANGUAGE CODE
Language English
082 ## - DEWEY DECIMAL CLASSIFICATION NUMBER
Edition number 23
Classification number 782.01
Item number GIR
100 ## - MAIN ENTRY--PERSONAL NAME
Personal name Giri Trading Agency.
240 ## - UNIFORM TITLE
Uniform title <a href="Sangeeta Bala Padam : Part 1 Tamil/">Sangeeta Bala Padam : Part 1 Tamil/</a>
245 ## - TITLE STATEMENT
Title ஸங்கீத பால பாடம் :
Remainder of title பாகம் 1/
250 ## - EDITION STATEMENT
Edition statement 3rd ed.
260 ## - PUBLICATION, DISTRIBUTION, ETC. (IMPRINT)
Place of publication, distribution, etc Chennai:
Name of publisher, distributor, etc Giri Trading Agency,
Date of publication, distribution, etc 2016.
300 ## - PHYSICAL DESCRIPTION
Extent 104 p. :
Other physical details ill. ;
Dimensions 26 cm.
500 ## - GENERAL NOTE
General note 1. In Tamil (romanised); prefatory matter in English with musical letter notations.<br/>2. Songs in Tamil with music in letter notation.
505 ## - FORMATTED CONTENTS NOTE
Title Talas
-- Sthayi's
-- Melakartaraga.`
-- 1. Swaravali Varisaigal.
-- 2. Janta Varisaigal.
-- 3. Upper Sthayi Varisaigal.
-- 4. Dhattu Varisaigal.
-- 5. Sapta Tala Alankara's
-- 6. Gitam's
-- 7. Swarajati's
-- 8. Note's
-- 9. Kriti's.
-- 10. Tevaram
-- 11. Bruga Sadhaka Varisaigal.
-- 12. Meanngs of Gitam's
650 ## - SUBJECT ADDED ENTRY--TOPICAL TERM
Topical term or geographic name as entry element Carnatic music -- Instruction and study.
650 ## - SUBJECT ADDED ENTRY--TOPICAL TERM
Topical term or geographic name as entry element Musical notation.
942 ## - ADDED ENTRY ELEMENTS (KOHA)
Source of classification or shelving scheme Dewey Decimal Classification
Koha item type General Books
Holdings
Withdrawn status Lost status Source of classification or shelving scheme Damaged status Not for loan Collection code Home library Location Shelving location Date of Cataloging Total Checkouts Full call number Barcode Date last seen Price effective from Koha item type
    Dewey Decimal Classification     Non-fiction CUTN Central Library CUTN Central Library Arts & Sports 28/10/2025   782.01 GIR 49195 28/10/2025 28/10/2025 General Books